Základné princípy zhlukovacej analýzy

Metodologógia rozdelenia objektov štatistického súboru do zhlukov tak, aby objekty patriace do toho istého zhluku si boli blízke, podobné a objekty patriace do rôznych zhlukov si boli vzdialené, odlišné.

Saved in:
Bibliographic Details
Main Author: Vojtková, Mária, 1966-
Format: Book Chapter
Language:Slovak
Subjects:
Tags: Add Tag
No Tags, Be the first to tag this record!

MARC

LEADER 00000naa a2200000 4500
001 0125906
005 20240502072433.0
041 0 |a slo 
044 |a SK 
245 1 0 |a Základné princípy zhlukovacej analýzy  |c Mária Vojtková 
520 |a Metodologógia rozdelenia objektov štatistického súboru do zhlukov tak, aby objekty patriace do toho istého zhluku si boli blízke, podobné a objekty patriace do rôznych zhlukov si boli vzdialené, odlišné. 
610 2 0 |a analýza zhluková 
610 2 0 |a metódy štatistické 
610 2 0 |a dáta 
610 2 0 |a klaster 
100 1 |a Vojtková, Mária, 1966-